Normal view
MARC view
Entry Topical Term
001 - CONTROL NUMBER
- control field: 83375
003 - CONTROL NUMBER IDENTIFIER
- control field: OSt
005 - DATE AND TIME OF LATEST TRANSACTION
- control field: 20251010164354.0
008 - FIXED-LENGTH DATA ELEMENTS
- fixed length control field: 251010|| aca||aabn | a|a d
040 ## - CATALOGING SOURCE
- Original cataloging agency: OSt
- Transcribing agency: OSt
150 ## - HEADING--TOPICAL TERM
- Topical term or geographic name entry element: ऐक्ट
670 ## - SOURCE DATA FOUND
- Source citation: Work cat.: (OSt)68259: देवेन्द्र ,बागड़ी 83374, भारत का संविधान Constitution of India (BARE ACT), 2025









